000 01096nam a2200265Ia 4500
999 _c53677
_d53677
001 20724
003 GE_BSU
005 20221110151321.0
008 181216s2015||||xx |||||||||||||| ||eng||
020 _a9780199672646x
040 _cGE_BSU
041 _aeng
080 _a349(4) T-44
245 4 _aThe Oxford Handbook of European Union Law /
_cEdited by Anthony Arnull and Damian Chalmers.
264 _aOxford :
_bOxford University Press,
_c2015.
300 _a1051 p. ;
_c25 cm.
500 _aBibl. : p.1014 ; Index : p.1015-1051
653 _aThe Oxford Handbook of European Union Law
653 _aОксфордское руководство по законодательству Европейского союза
653 _aევროკავშირის კანონმდებლობის ოქსფორდის სახელმძღვანელო
653 _aსამართალი
700 _aArnull, Anthony
_eრედაქტორი
_910384
700 _aChalmers, Damian
_eრედაქტორი
_99684
942 _cBK
_2udc